00649nam a22001817a 450000500170000001000150001702000260003203500140005803700130007208200080008510000180009324500630011126000660017427001500024030000240039050000450041476000080045920230405103912.0 aENG-136542 a9789354499166c755.00 aEN-120074 bDBAD/PUB a000 aParwej, Saroj aComplete Companion for B.Sc Nursing GNM /cBy Saroj Parwej aUttar PradeshbPearson India Education Services Pvt.Ltdc2022 a15th Floor Tower-B World Trade Tower Plot No. 1 Block-C Sector -16 NoidabUttar Pradeshe201301mcompanysecretary.india@pearson.comk044-66540100 axvi,Vp.;c26cm(pbk) aStudy Material For Entrance Examinationm b6th